Countries by Silhouette Snippet #2 - Statistics

General Stats
  • This quiz has been taken 15 times
  • The average score is 12 of 16
Answer Stats
Picture Answer % Correct
Canada
100%
Mexico
100%
Norway
100%
Spain
100%
Iceland
92%
Monaco
92%
Namibia
92%
India
85%
Democratic Republic of the Congo
77%
France
77%
Ukraine
69%
Eritrea
62%
China
54%
Brazil
46%
Mongolia
46%
Fiji
38%
No matching quizzes found
Score Distribution
Percent of People with Each Score
Percentile by Number Answered
Your Score History
You have not taken this quiz